000
00318nam a2200121Ia 4500
008
240624s9999 xx 000 0 und d
041
_a
eng
082
_a
332.10681 THE
100
_a
THE HONG KONG INSTITUTE OF BANKERS
245
_a
BANK ASSET AND LIABILITY MANAGEMENT
260
_c
2018
_a
Chennai
_b
Wiley
365
_c
RS
999
_c
31404
_d
31404